[Event "FRA-ch U12/16"]
[Site "Agen"]
[Date "2023.04.23"]
[Round "1"]
[White "Bernardi, Nicolas"]
[Black "Zienkiewicz, Jan"]
[Result "0-1"]
[WhiteElo "1442"]
[BlackElo "2203"]
[PlyCount "68"]
[EventDate "2023.04.23"]
[EventType "swiss"]
[EventRounds "9"]
[EventCountry "FRA"]
[SourceTitle "CBM 214 Extra"]
[Source "ChessBase"]
[SourceDate "2023.07.31"]
[SourceVersion "1"]
[SourceVersionDate "2023.07.31"]
[SourceQuality "1"]

1. e4 e6 2. d4 d5 3. e5 c5 4. c3 Nc6 5. f4 Qb6 6. Nf3 Bd7 7. Be2 Nh6 8. a4 cxd4 9. a5 Nxa5 10. Nxd4 Nc6 11. Qb3 Bc5 12. Qxb6 Bxb6 13. Nb5 0-0 14. Nd2 f6 15. exf6 gxf6 16. Nf3 Nf7 17. g4 a6 18. Nbd4 e5 19. Nf5 Bxf5 20. gxf5 e4 21. Nh4 Kh8 22. b3 d4 23. Bb2 d3 24. Bg4 Nh6 25. h3 Rg8 26. Ra4 Rae8 27. c4 Bd4 28. Bxd4 Nxd4 29. c5 Rd8 30. Bd1 e3 31. Bf3 Nhxf5 32. Nxf5 Nxf3+ 33. Kf1 d2 34. Ke2 Ng1+ 0-1